|
|
|
|
| LEADER |
00000cam a22000004a 4500 |
| 001 |
musev2_104643 |
| 003 |
MdBmJHUP |
| 005 |
20230905053923.0 |
| 006 |
m o d |
| 007 |
cr||||||||nn|n |
| 008 |
051005s2006 onc o 00 0 eng d |
| 020 |
|
|
|a 9781442673663
|
| 020 |
|
|
|z 9780802035950
|
| 035 |
|
|
|a (OCoLC)244768210
|
| 040 |
|
|
|a MdBmJHUP
|c MdBmJHUP
|
| 100 |
1 |
|
|a Babe, Robert E.,
|d 1943-
|
| 245 |
1 |
0 |
|a Culture of Ecology :
|b Reconciling Economics and Environment /
|c Robert E. Babe.
|
| 264 |
|
1 |
|a Toronto [Ont.] :
|b University of Toronto Press,
|c 2006.
|
| 264 |
|
3 |
|a Baltimore, Md. :
|b Project MUSE,
|c 2023
|
| 264 |
|
4 |
|c ©2006.
|
| 300 |
|
|
|a 1 online resource (272 pages).
|
| 336 |
|
|
|a text
|b txt
|2 rdacontent
|
| 337 |
|
|
|a computer
|b c
|2 rdamedia
|
| 338 |
|
|
|a online resource
|b cr
|2 rdacarrier
|
| 505 |
0 |
|
|a Contents -- Preface -- Acknowledgments -- 1 Sustainable Development vs Sustainable Ecosystem -- 2 Economics and Ecology as Discourses -- 3 Ancient Syntheses -- 4 Shattering the Synthesis: Hobbes, Smith, and Neoclassicism -- 5 Environmental vs Ecological Economics -- 6 Information, Entropy, and Infinite Earth -- 7 Conclusion -- Glossary -- B -- C -- D -- E -- H -- I -- J -- K -- L -- M -- N -- O -- P -- Q -- S -- T -- Notes -- Bibliography -- Index -- A -- B -- C -- D -- E -- F -- G -- H -- I -- J -- K -- L
|
| 505 |
0 |
|
|a Mn -- o -- p -- q -- r -- s -- t -- u -- v -- w -- x -- z
|
| 520 |
|
|
|a Culture of Ecology marks the beginning in a struggle to prove that, given the right approach, economy and ecosystem need not be mutually exclusive.
|
| 588 |
|
|
|a Description based on print version record.
|
| 650 |
|
7 |
|a Environmental economics.
|2 fast
|0 (OCoLC)fst00912895
|
| 650 |
|
7 |
|a Environmental degradation.
|2 fast
|0 (OCoLC)fst00912877
|
| 650 |
|
7 |
|a Ecology
|x Economic aspects.
|2 fast
|0 (OCoLC)fst00901492
|
| 650 |
|
7 |
|a NATURE
|x Environmental Conservation & Protection.
|2 bisacsh
|
| 650 |
|
7 |
|a NATURE
|x Natural Resources.
|2 bisacsh
|
| 650 |
|
7 |
|a BUSINESS & ECONOMICS
|x Green Business.
|2 bisacsh
|
| 650 |
|
7 |
|a BUSINESS & ECONOMICS
|x Environmental Economics.
|2 bisacsh
|
| 650 |
|
6 |
|a Environnement
|x Degradation.
|
| 650 |
|
6 |
|a Économie de l'environnement.
|
| 650 |
|
6 |
|a Écologie
|x Aspect economique.
|
| 650 |
|
0 |
|a Environmental degradation.
|
| 650 |
|
0 |
|a Environmental economics.
|
| 650 |
|
0 |
|a Ecology
|x Economic aspects.
|
| 655 |
|
7 |
|a Electronic books.
|2 local
|
| 710 |
2 |
|
|a Project Muse.
|e distributor
|
| 830 |
|
0 |
|a Book collections on Project MUSE.
|
| 856 |
4 |
0 |
|z Texto completo
|u https://projectmuse.uam.elogim.com/book/104643/
|
| 945 |
|
|
|a Project MUSE - Custom Collection
|